000 00823nam a2200241 a 4500
001 BRCA_6629
005 20190320205532.0
008 061011s2008----mx-a######---#000-0#spa-#
041 _aspa
044 _amx
050 4 _aNK5306
_b.S68 2008
100 1 _aSoto Villafaña, Eliseo Adrián
_916606
245 1 0 _aHistoria del vitral en México durante el siglo XX.
260 _aCiudad de México
_c2008
300 _a367 p.
_bil. (algunas a color)
_c28 cm.
500 _aDonación Dra. Elsa Barberena
502 _aTesis Doctorado (Doctor en Historia del Arte) UNAM, Facultad de Filosofía y Letras
650 1 4 _aVitrales
_xHistoria
_ySiglo XX
_zMéxico
_916607
650 1 4 _aVitrales
_xProducción
_ySiglo XX
_zMéxico
_916608
700 1 _aRodríguez Prampolini, Ida
_eDirectora
_94944
902 _aDEB
942 _2lcc
_cTES
999 _c6313
_d6313